Every British Bird Quiz - Statistics

General Stats
  • This quiz has been taken 36 times
  • The average score is 223 of 640
Answer Stats
Bird Type Binomial Scientific Name Answer % Correct
Duck Anas platyrhynchos Mallard
89%
Goose Branta canadensis Canada Goose
84%
Gull Larus canus Common Gull
84%
Tern Sterna hirundo Common Tern
84%
Eider Somateria mollissima Eider
84%
Merganser Mergus merganser Goosander
84%
Puffin Fratercula arctica Puffin
84%
Swift Apus apus Swift
84%
Swan Cygnus cygnus Whooper Swan
84%
Blackbird Turdus merula Blackbird
79%
Guillemot Uria aalge Common Guillemot
79%
Swan Cygnus olor Mute Swan
79%
Game Bird Phasianus colchicus Pheasant
79%
Scaup Aythya marila Scaup
79%
Shelduck Tadorna tadorna Shelduck
79%
Teal Anas crecca Teal
79%
Wigeon Mareca penelope Wigeon
79%
Goose Branta leucopsis Barnacle Goose
74%
Owl Tyto alba Barn Owl
74%
Swan Cygnus columbianus Bewick's Swan
74%
Gull Chroicocephalus ridibundus Black-Headed Gull
74%
Tit Cyanistes caeruleus Blue Tit
74%
Buzzard Buteo buteo Buzzard
74%
Scoter Melanitta nigra Common Scoter
74%
Coot Fulica atra Coot
74%
Curlew Numenius arquata Curlew
74%
Sandpiper Calidris ferruginea Curlew Sandpiper
74%
Gannet Morus bassanus Gannet
74%
Eagle Aquila chrysaetos Golden Eagle
74%
Goldeneye Bucephala clangula Goldeneye
74%
Tit Parus major Great Tit
74%
Goose Anser anser Greylag Goose
74%
Martin Delichon urbicum House Martin
74%
Kestrel Falco tinnunculus Kestrel
74%
Lapwing Vanellus vanellus Lapwing
74%
Nightingale Luscinia megarhynchos Nightingale
74%
Nightjar Caprimulgus europaeus Nightjar
74%
Osprey Pandion haliaetus Osprey
74%
Pochard Aythya ferina Pochard
74%
Game Bird Lagopus muta Ptarmigan
74%
Kite Milvus milvus Red Kite
74%
Redshank Tringa totanus Redshank
74%
Robin Erithacus rubecula Robin
74%
Snipe Gallinago gallinago Snipe
74%
Starling Sturnus vulgaris Starling
74%
Swallow Hirundo rustica Swallow
74%
Whitethroat Curruca communis Whitethroat
74%
Bee-Eater Merops apiaster Bee-Eater
68%
Bittern Botaurus stellaris Bittern
68%
Stork Ciconia nigra Black Stork
68%
Game Bird Tetrao urogallus Capercaillie
68%
Corvid Corvus corone Carrion Crow
68%
Tit Periparus ater Coal Tit
68%
Sandpiper Actitis hypoleucos Common Sandpiper
68%
Cormorant Phalacrocorax carbo Cormorant
68%
Crossbill Loxia curvirostra Crossbill
68%
Cuckoo Cuculus canorus Cuckoo
68%
Dipper Cinclus cinclus Dipper
68%
Egret Ardea alba Great White Egret
68%
Kingfisher Alcedo atthis Kingfisher
68%
Knot Calidris canutus Knot
68%
Nuthatch Sitta europaea Nuthatch
68%
Wading Bird - Other Haematopus ostralegus Oystercatcher
68%
Shag Gulosus aristotelis Shag
68%
Hawk Accipiter nisus Sparrowhawk
68%
Owl Strix aluco Tawny Owl
68%
Treecreeper Certhia familiaris Treecreeper
68%
Waxwing Bombycilla garrulus Waxwing
68%
Wren Troglodytes troglodytes Wren
68%
Skua Stercorarius parasiticus Arctic Skua
63%
Bluethroat Luscinia svecica Bluethroat
63%
Dove Streptopelia decaocto Collared Dove
63%
Pelican Pelecanus crispus Dalmatian Pelican
63%
Storm-Petrel Hydrobates pelagicus European Storm-Petrel
63%
Ibis Plegadis falcinellus Glossy Ibis
63%
Oriole Oriolus oriolus Golden Oriole
63%
Golden Plover Pluvialis apricaria Golden Plover
63%
Woodpecker Picus viridis Green Woodpecker
63%
Game Bird Perdix perdix Grey Partridge
63%
Falcon Falco rusticolus Gyr Falcon
63%
Old World Sparrow Passer domesticus House Sparrow
63%
Corvid Coloeus monedula Jackdaw
63%
Rallidae Gallinula chloropus Moorhen
63%
Game Bird Lagopus scotica Red Grouse
63%
Redstart Phoenicurus phoenicurus Redstart
63%
Dove Columba livia Rock Dove
63%
Thrush Turdus philomelos Song Thrush
63%
Spoonbill Platalea leucorodia Spoonbill
63%
Whimbrel Numenius phaeopus Whimbrel
63%
Dove Columba palumbus Woodpigeon
63%
Tern Sterna paradisaea Arctic Tern
58%
Game Bird Lyrurus tetrix Black Grouse
58%
Tern Chlidonias niger Black Tern
58%
Goose Branta bernicla Brent Goose
58%
Finch Fringilla coelebs Chaffinch
58%
Chiffchaff Phylloscopus collybita Chiffchaff
58%
Crane Grus grus Common Crane
58%
Crake Crex crex Corncrake
58%
Shelduck Alopochen aegyptiaca Egyptian Goose
58%
Crest Regulus regulus Goldcrest
58%
Finch Carduelis carduelis Goldfinch
58%
Gull Larus marinus Great Black-Backed Gull
58%
Grebe Podiceps cristatus Great Crested Grebe
58%
Woodpecker Dendrocopos major Great Spotted Woodpecker
58%
Heron Ardea cinerea Grey Heron
58%
Harrier Circus cyaneus Hen Harrier
58%
Gull Larus argentatus Herring Gull
58%
Hoopoe Upupa epops Hoopoe
58%
Corvid Pica pica Magpie
58%
Duck Aix galericulata Mandarin Duck
58%
Falcon Falco peregrinus Peregrine
58%
Wagtail Motacilla alba Pied Wagtail
58%
Corvid Corvus corax Raven
58%
Bluetail Tarsiger cyanurus Red-Flanked Bluetail
58%
Roller Coracias garrulus Roller
58%
Martin Riparia riparia Sand Martin
58%
Duck Spatula clypeata Shoveler
58%
Rubythroat Calliope calliope Siberian Rubythroat
58%
Lark Alauda arvensis Skylark
58%
Goose Anser caerulescens Snow Goose
58%
Old World Sparrow Passer montanus Tree Sparrow
58%
Wallcreeper Tichodroma muraria Wallcreeper
58%
Wheatear Oenanthe oenanthe Wheatear
58%
Accentor Prunella collaris Alpine Accentor
53%
Diver Gavia arctica Black-Throated Diver
53%
Old World Warbler Acrocephalus dumetorum Blyth's Reed Warbler
53%
Thrasher Toxostoma rufum Brown Thrasher
53%
Tern Thalasseus acuflavidus Cabot's Tern
53%
Courser Cursorius cursor Cream-Coloured Courser
53%
Duck Mareca strepera Gadwall
53%
Hawk Astur gentilis Goshawk
53%
Bustard Otis tarda Great Bustard
53%
Diver Gavia immer Great Northern Diver
53%
Old World Warbler Acrocephalus arundinaceus Great Reed Warbler
53%
Finch Chloris chloris Greenfinch
53%
Corvid Garrulus glandarius Jay
53%
Eider Somateria spectabilis King Eider
53%
Gull Rissa tridactyla Kittiwake
53%
Gull Larus fuscus Lesser Black-Backed Gull
53%
Scaup Aythya affinis Lesser Scaup
53%
Bustard Tetrax tetrax Little Bustard
53%
Egret Egretta garzetta Little Egret
53%
Gull Hydrocoloeus minutus Little Gull
53%
Owl Athene noctua Little Owl
53%
Shearwater Puffinus puffinus Manx Shearwater
53%
Harrier Circus aeruginosus Marsh Harrier
53%
Falcon Falco columbarius Merlin
53%
Mockingbird Mimus polyglottos Northern Mockingbird
53%
Goose Anser brachyrhynchus Pink-Footed Goose
53%
Duck Anas acuta Pintail
53%
Game Bird Coturnix coturnix Quail
53%
Auk Alca torda Razorbill
53%
Old World Warbler Acrocephalus scirpaceus Reed Warbler
53%
Parakeet Psittacula krameri Ring-Necked Parakeet
53%
Rock Thrush Monticola saxatilis Rock Thrush
53%
Corvid Corvus frugilegus Rook
53%
Goose Anser rossii Ross's Goose
53%
Tern Thalasseus sandvicensis Sandwich Tern
53%
Goose Anser fabalis Taiga Bean Goose
53%
Duck Aythya fuligula Tufted Duck
53%
Goose Anser serrirostris Tundra Bean Goose
53%
Dove Streptopelia turtur Turtle Dove
53%
Rallidae Rallus aquaticus Water Rail
53%
Wigeon Mareca americana American Wigeon
47%
Wading Bird - Other Recurvirostra avosetta Avocet
47%
Teal Spatula discors Blue-Winged Teal
47%
Bobolink Dolichonyx oryzivorus Bobolink
47%
Cowbird Molothrus ater Brown-Headed Cowbird
47%
Finch Pyrrhula pyrrhula Bullfinch
47%
Bunting Emberiza calandra Corn Bunting
47%
Wading Bird - Other Calidris alpina Dunlin
47%
Duck Spatula querquedula Garganey
47%
Skua Stercorarius skua Great Skua
47%
Wading Bird - Other Tringa nebularia Greenshank
47%
Catbird Dumetella carolinensis Grey Catbird
47%
Falcon Falco subbuteo Hobby
47%
Game Bird Chrysolophus amherstiae Lady Amherst's Pheasant
47%
Auk Alle alle Little Auk
47%
Duck Clangula hyemalis Long-Tailed Duck
47%
Tit Aegithalos caudatus Long-Tailed Tit
47%
Pipit Anthus pratensis Meadow Pipit
47%
Thrush Turdus viscivorus Mistle Thrush
47%
Sandgrouse Syrrhaptes paradoxus Pallas's Sandgrouse
47%
Heron Ardea purpurea Purple Heron
47%
Goose Branta ruficollis Red-Breasted Goose
47%
Pochard Netta rufina Red-Crested Pochard
47%
Thrush Turdus iliacus Redwing
47%
Plover Charadrius hiaticula Ringed Plover
47%
Gull Rhodostethia rosea Ross's Gull
47%
Dowitcher Limnodromus griseus Short-Billed Dowitcher
47%
Owl Bubo scandiacus Snowy Owl
47%
Redshank Tringa erythropus Spotted Redshank
47%
Eider Polysticta stelleri Steller's Eider
47%
Goose Anser albifrons White-Fronted Goose
47%
Stork Ciconia ciconia White Stork
47%
Eagle Haliaeetus albicilla White-Tailed Eagle
47%
Old World Warbler Phylloscopus trochilus Willow Warbler
47%
Gull Larus michahellis Yellow-Legged Gull
47%
Coot Fulica americana American Coot
42%
Robin Turdus migratorius American Robin
42%
Frigatebird Fregata aquila Ascension Frigatebird
42%
Godwit Limosa lapponica Bar-Tailed Godwit
42%
Old World Warbler Sylvia atricapilla Blackcap
42%
Duck Anas rubripes Black Duck
42%
Godwit Limosa limosa Black-Tailed Godwit
42%
Goose Branta hutchinsii Cackling Goose
42%
Duck Aythya valisineria Canvasback
42%
Egret Ardea ibis Cattle Egret
42%
Accentor Prunella modularis Dunnock
42%
Kingbird Tyrannus tyrannus Eastern Kingbird
42%
Phoebe Sayornis phoebe Eastern Phoebe
42%
Wagtail Motacilla tschutschensis Eastern Yellow Wagtail
42%
Thrush Turdus pilaris Fieldfare
42%
Petrel Fulmarus glacialis Fulmar
42%
Gull Larus hyperboreus Glaucous Gull
42%
Game Bird Chrysolophus pictus Golden Pheasant
42%
Heron Ardea herodias Great Blue Heron
42%
Teal Anas carolinensis Green-Winged Teal
42%
Wagtail Motacilla cinerea Grey Wagtail
42%
Finch Coccothraustes coccothraustes Hawfinch
42%
Corvid Corvus cornix Hooded Crow
42%
Merganser Lophodytes cucullatus Hooded Merganser
42%
Gull Larus glaucoides Iceland Gull
42%
Snipe Lymnocryptes minimus Jack Snipe
42%
Woodpecker Dryobates minor Lesser Spotted Woodpecker
42%
Grebe Tachybaptus ruficollis Little Grebe
42%
Tern Sternula albifrons Little Tern
42%
Tit Poecile palustris Marsh Tit
42%
Gull Ichthyaetus melanocephalus Mediterranean Gull
42%
Waterthrush Parkesia noveboracensis Northern Waterthrush
42%
Diver Gavia pacifica Pacific Diver
42%
Bunting Emberiza pallasi Pallas's Reed Bunting
42%
Flycatcher Ficedula hypoleuca Pied Flycatcher
42%
Skua Stercorarius pomarinus Pomarine Skua
42%
Tropicbird Phaethon aethereus Red-Billed Tropicbird
42%
Merganser Mergus serrator Red-Breasted Merganser
42%
Vireo Vireo olivaceus Red-Eyed Vireo
42%
Duck Aythya americana Redhead
42%
Game Bird Alectoris rufa Red-Legged Partridge
42%
Bunting Emberiza schoeniclus Reed Bunting
42%
Duck Aythya collaris Ring-Necked Duck
42%
Duck Oxyura jamaicensis Ruddy Duck
42%
Shelduck Tadorna ferruginea Ruddy Shelduck
42%
Wading Bird - Other Calidris pugnax Ruff
42%
Wading Bird - Other Calidris alba Sanderling
42%
Owl Asio flammeus Short-Eared Owl
42%
Finch Spinus spinus Siskin
42%
Duck Mergellus albellus Smew
42%
Dove Columba oenas Stock Dove
42%
Chat Saxicola rubicola Stonechat
42%
Scoter Melanitta perspicillata Surf Scoter
42%
Pipit Anthus trivialis Tree Pipit
42%
Scoter Melanitta fusca Velvet Scoter
42%
Woodpecker Jynx torquilla Wryneck
42%
Bunting Emberiza citrinella Yellowhammer
42%
Wagtail Motacilla flava Yellow Wagtail
42%
Swift Tachymarptis melba Alpine Swift
37%
Golden Plover Pluvialis dominica American Golden Plover
37%
Goldeneye Bucephala islandica Barrow's Goldeneye
37%
Kite Milvus migrans Black Kite
37%
Gull Chroicocephalus philadelphia Bonaparte's Gull
37%
Finch Fringilla montifringilla Brambling
37%
Duck Bucephala albeola Bufflehead
37%
Gull Larus cachinnans Caspian Gull
37%
Old World Warbler Cettia cetti Cetti's Warbler
37%
Corvid Pyrrhocorax pyrrhocorax Chough
37%
Swallow Cecropis daurica Eastern Red-Rumped Swallow
37%
Duck Mareca falcata Falcated Duck
37%
Crest Regulus ignicapilla Firecrest
37%
Gull Larus glaucescens Glaucous-Winged Gull
37%
Shrike Lanius excubitor Great Grey Shrike
37%
Sandpiper Tringa ochropus Green Sandpiper
37%
Plover Pluvialis squatarola Grey Plover
37%
Duck Histrionicus histrionicus Harlequin Duck
37%
Buzzard Pernis apivorus Honey-Buzzard
37%
Chiffchaff Phylloscopus ibericus Iberian Chiffchaff
37%
Bunting Calcarius lapponicus Lapland Bunting
37%
Goose Anser erythropus Lesser White-Fronted Goose
37%
Whitethroat Curruca curruca Lesser Whitethroat
37%
Yellowlegs Tringa flavipes Lesser Yellowlegs
37%
Finch Linaria cannabina Linnet
37%
Bittern Botaurus minutus Little Bittern
37%
Plover Charadrius dubius Little Ringed Plover
37%
Stint Calidris minuta Little Stint
37%
Owl Asio otus Long-Eared Owl
37%
Skua Stercorarius longicaudus Long-Tailed Skua
37%
Swift Apus pacificus Pacific Swift
37%
Crossbill Loxia pytyopsittacus Parrot Crossbill
37%
Sandpiper Calidris maritima Purple Sandpiper
37%
Phalarope Phalaropus lobatus Red-Necked Phalarope
37%
Finch Acanthis flammea Redpoll
37%
Swallow Cecropis rufula Red-Rumped Swallow
37%
Gull Larus delawarensis Ring-Billed Gull
37%
Pipit Anthus petrosus Rock Pipit
37%
Buzzard Buteo lagopus Rough-Legged Buzzard
37%
Gull Xema sabini Sabine's Gull
37%
Treecreeper Certhia brachydactyla Short-Toed Treecreeper
37%
Bunting Plectrophenax nivalis Snow Bunting
37%
Crake Porzana porzana Spotted Crake
37%
Chat Saxicola rubetra Whinchat
37%
Scoter Melanitta deglandi White-Winged Scoter
37%
Tit Poecile montanus Willow Tit
37%
Lark Lullula arborea Woodlark
37%
Gull Larus smithsonianus American Herring Gull
32%
Teal Sibirionetta formosa Baikal Teal
32%
Tit Panurus biarmicus Bearded Tit
32%
Redstart Phoenicurus ochruros Black Redstart
32%
Scoter Melanitta americana Black Scoter
32%
Kite Elanus caeruleus Black-Winged Kite
32%
Wading Bird - Other Himantopus himantopus Black-Winged Stilt
32%
Tern Hydroprogne caspia Caspian Tern
32%
Bunting Emberiza cirlus Cirl Bunting
32%
Tit Lophophanes cristatus Crested Tit
32%
Cormorant Nannopterum auritum Double-Crested Cormorant
32%
Nightjar Caprimulgus aegyptius Egyptian Nightjar
32%
Vulture Neophron percnopterus Egyptian Vulture
32%
Old World Warbler Sylvia borin Garden Warbler
32%
Old World Warbler Locustella naevia Grasshopper Warbler
32%
Phalarope Phalaropus fulicarius Grey Phalarope
32%
Gull Leucophaeus atricilla Laughing Gull
32%
Kestrel Falco naumanni Lesser Kestrel
32%
Heron Nycticorax nycticorax Night-Heron
32%
Bunting Emberiza hortulana Ortolan Bunting
32%
Old World Warbler Helopsaltes certhiola Pallas's Grasshopper Warbler
32%
Swift Apus pallidus Pallid Swift
32%
Falcon Falco vespertinus Red-Footed Falcon
32%
Grebe Podiceps grisegena Red-Necked Grebe
32%
Diver Gavia stellata Red-Throated Diver
32%
Thrush Turdus torquatus Ring Ouzel
32%
Starling Pastor roseus Rose-Coloured Starling
32%
Crossbill Loxia scotica Scottish Crossbill
32%
Old World Warbler Acrocephalus schoenobaenus Sedge Warbler
32%
Finch Serinus serinus Serin
32%
Grebe Podiceps auritus Slavonian Grebe
32%
Rallidae Porzana carolina Sora
32%
Flycatcher Muscicapa striata Spotted Flycatcher
32%
Scoter Melanitta stejnegeri Stejneger's Scoter
32%
Stint Calidris temminckii Temminck's Stint
32%
Puffin Fratercula cirrhata Tufted Puffin
32%
Finch Linaria flavirostris Twite
32%
Pipit Anthus spinoletta Water Pipit
32%
Phalarope Phalaropus tricolor Wilson's Phalarope
32%
Storm-Petrel Oceanites oceanicus Wilson's Storm-petrel
32%
Old World Warbler Phylloscopus sibilatrix Wood Warbler
32%
Bittern Botaurus lentiginosus American Bittern
26%
Kestrel Falco sparverius American Kestrel
26%
Falcon Falco amurensis Amur Falcon
26%
Shearwater Puffinus mauretanicus Balearic Shearwater
26%
Kingfisher Megaceryle alcyon Belted Kingfisher
26%
Guillemot Cepphus grylle Black Guillemot
26%
Grebe Podiceps nigricollis Black-Necked Grebe
26%
Waxwing Bombycilla cedrorum Cedar Waxwing
26%
Wagtail Motacilla citreola Citrine Wagtail
26%
Nightjar Chordeiles minor Common Nighthawk
26%
Shearwater Calonectris borealis Cory's Shearwater
26%
New World Sparrow Junco hyemalis Dark-Eyed Junco
26%
Old World Warbler Curruca undata Dartford Warbler
26%
Wheatear Oenanthe deserti Desert Wheatear
26%
Tern Thalasseus elegans Elegant Tern
26%
Duck Aythya nyroca Ferruginous Duck
26%
Tern Sterna forsteri Forster's Tern
26%
Yellowlegs Tringa melanoleuca Greater Yellowlegs
26%
Knot Calidris tenuirostris Great Knot
26%
Shearwater Ardenna gravis Great Shearwater
26%
Tern Gelochelidon nilotica Gull-Billed Tern
26%
Whimbrel Numenius hudsonicus Hudsonian Whimbrel
26%
Old World Warbler Phylloscopus humei Hume's Warbler
26%
Gull Pagophila eburnea Ivory Gull
26%
Bittern Botaurus exilis Least Bittern
26%
Harrier Circus pygargus Montagu's Harrier
26%
Dove Zenaida macroura Mourning Dove
26%
Harrier Circus hudsonius Northern Harrier
26%
Corvid Nucifraga caryocatactes Nutcracker
26%
Dove Streptopelia orientalis Oriental Turtle Dove
26%
Golden Plover Pluvialis fulva Pacific Golden Plover
26%
Old World Warbler Phylloscopus proregulus Pallas's Warbler
26%
Harrier Circus macrourus Pallid Harrier
26%
Tit Remiz pendulinus Penduline Tit
26%
Grebe Podilymbus podiceps Pied-Billed Grebe
26%
Martin Progne subis Purple Martin
26%
Flycatcher Ficedula parva Red-Breasted Flycatcher
26%
Tern Sterna dougallii Roseate Tern
26%
Old World Warbler Curruca melanocephala Sardinian Warbler
26%
Shearwater Calonectris diomedea Scopoli's Shearwater
26%
Owl Otus scops Scops Owl
26%
Plover Charadrius semipalmatus Semipalmated Plover
26%
Lark Eremophila alpestris Shore Lark
26%
Shearwater Ardenna grisea Sooty Shearwater
26%
Skua Stercorarius maccormicki South Polar Skua
26%
Old World Sparrow Passer hispaniolensis Spanish Sparrow
26%
Curlew Burhinus oedicnemus Stone-Curlew
26%
Swallow Tachycineta bicolor Tree Swallow
26%
Diver Gavia adamsii White-Billed Diver
26%
Tern Chlidonias leucopterus White-Winged Black Tern
26%
Shrike Lanius senator Woodchat Shrike
26%
Wading Bird - Other Scolopax rusticola Woodcock
26%
Sandpiper Tringa glareola Wood Sandpiper
26%
Old World Warbler Phylloscopus inornatus Yellow-Browed Warbler
26%
Tern Onychoprion aleuticus Aleutian Tern
21%
Gallinule Porphyrio alleni Allen's Gallinule
21%
Swallow Petrochelidon pyrrhonota American Cliff Swallow
21%
Gallinule Porphyrio martinica American Purple Gallinule
21%
Old World Warbler Acrocephalus paludicola Aquatic Warbler
21%
Old World Warbler Phylloscopus borealis Arctic Warbler
21%
Bustard Chlamydotis macqueenii Asian Houbara
21%
Crake Zapornia pusilla Baillon's Crake
21%
Sandpiper Calidris bairdii Baird's Sandpiper
21%
Oriole Icterus galbula Baltimore Oriole
21%
Storm-Petrel Hydrobates castro Band-Rumped Storm-Petrel
21%
Cuckoo Coccyzus erythropthalmus Black-Billed Cuckoo
21%
Booby Sula leucogaster Brown Booby
21%
Guillemot Uria lomvia Brünnich's Guillemot
21%
Swift Chaetura pelagica Chimney Swift
21%
Finch Carduelis citrinella Citril Finch
21%
Martin Ptyonoprogne rupestris Crag Martin
21%
Lark Galerida cristata Crested Lark
21%
Wading Bird - Other Eudromias morinellus Dotterel
21%
Old World Warbler Curruca cantillans Eastern Subalpine Warbler
21%
Falcon Falco eleonorae Eleonora's Falcon
21%
Auk Pinguinus impennis Great Auk (†)
21%
Gull Ichthyaetus ichthyaetus Great Black-Headed Gull
21%
Snipe Gallinago media Great Snipe
21%
Cuckoo Clamator glandarius Great Spotted Cuckoo
21%
Heron Butorides virescens Green Heron
21%
Lapwing Vanellus cinereus Grey-Headed Lapwing
21%
Godwit Limosa haemastica Hudsonian Godwit
21%
Bunting Passerina cyanea Indigo Bunting
21%
Plover Anarhynchus alexandrinus Kentish Plover
21%
Wading Bird - Other Charadrius vociferus Killdeer
21%
Tern Sternula antillarum Least Tern
21%
Tern Thalasseus bengalensis Lesser Crested Tern
21%
Bunting Emberiza pusilla Little Bunting
21%
Crake Zapornia parva Little Crake
21%
Swift Apus affinis Little Swift
21%
Dowitcher Limnodromus scolopaceus Long-Billed Dowitcher
21%
Frigatebird Fregata magnificens Magnificent Frigatebird
21%
Pipit Anthus hodgsoni Olive-Backed Pipit
21%
Old World Warbler Phylloscopus tenellipes Pale-Legged Leaf Warbler
21%
Grosbeak Pinicola enucleator Pine Grosbeak
21%
Shrike Lanius collurio Red-Backed Shrike
21%
Nuthatch Sitta canadensis Red-Breasted Nuthatch
21%
Booby Sula sula Red-Footed Booby
21%
Nightjar Caprimulgus ruficollis Red-Necked Nightjar
21%
Blackbird Agelaius phoeniceus Red-Winged Blackbird
21%
Pipit Anthus richardi Richard's Pipit
21%
Crest Corthylio calendula Ruby-Crowned Kinglet
21%
Crane Antigone canadensis Sandhill Crane
21%
Sandpiper Calidris pusilla Semipalmated Sandpiper
21%
Eagle Circaetus gallicus Short-Toed Eagle
21%
Chat Saxicola maurus Siberian Stonechat
21%
Gull Chroicocephalus genei Slender-Billed Gull
21%
Egret Egretta thula Snowy Egret
21%
New World Sparrow Melospiza melodia Song Sparrow
21%
Pipit Anthus campestris Tawny Pipit
21%
Sandpiper Xenus cinereus Terek Sandpiper
21%
Nightingale Luscinia luscinia Thrush Nightingale
21%
Wading Bird - Other Arenaria interpres Turnstone
21%
Crossbill Loxia leucoptera Two-Barred Crossbill
21%
Old World Warbler Curruca iberiae Western Subalpine Warbler
21%
Rallidae Porphyrio porphyrio Western Swamphen
21%
Swift Hirundapus caudacutus White-Throated Needletail
21%
Snipe Gallinago delicata Wilson's Snipe
21%
Shearwater Puffinus yelkouan Yelkouan Shearwater
21%
Cuckoo Coccyzus americanus Yellow-Billed Cuckoo
21%
Chat Saxicola stejnegeri Amur Stonechat
16%
Murrelet Synthliboramphus antiquus Ancient Murrelet
16%
Gull Ichthyaetus audouinii Audouin's Gull
16%
Shearwater Puffinus baroli Barolo Shearwater
16%
Old World Warbler Curruca nisoria Barred Warbler
16%
New World Warbler Setophaga castanea Bay-Breasted Warbler
16%
Albatross Thalassarche melanophris Black-Browed Albatross
16%
Bunting Emberiza melanocephala Black-Headed Bunting
16%
Lark Melanocorypha yeltoniensis Black Lark
16%
Thrush Turdus atrogularis Black-Throated Thrush
16%
Pratincole Glareola nordmanni Black-Winged Pratincole
16%
Rock Thrush Monticola solitarius Blue Rock Thrush
16%
Shrike Lanius cristatus Brown Shrike
16%
Lark Melanocorypha calandra Calandra Lark
16%
New World Warbler Cardellina canadensis Canada Warbler
16%
Flycatcher Ficedula albicollis Collared Flycatcher
16%
Pratincole Glareola pratincola Collared Pratincole
16%
Shrike Lanius isabellinus Daurian Shrike
16%
Wheatear Oenanthe melanoleuca Eastern Black-Eared Wheatear
16%
Old World Warbler Phylloscopus orientalis Eastern Bonelli's Warbler
16%
Gull Leucophaeus pipixcan Franklin's Gull
16%
Sand Plover Anarhynchus leschenaultii Greater Sand Plover
16%
Old World Warbler Phylloscopus trochiloides Greenish Warbler
16%
Old World Warbler Phylloscopus nitidus Green Warbler
16%
Owl Surnia ulula Hawk Owl
16%
Old World Warbler Hippolais icterina Icterine Warbler
16%
Wheatear Oenanthe isabellina Isabelline Wheatear
16%
Gull Larus dominicanus Kelp Gull
16%
Storm-Petrel Hydrobates leucorhous Leach's Storm-Petrel
16%
Shrike Lanius minor Lesser Grey Shrike
16%
Whimbrel Numenius minutus Little Whimbrel
16%
Murrelet Brachyramphus perdix Long-Billed Murrelet
16%
Buzzard Buteo rufinus Long-Legged Buzzard
16%
Stint Calidris subminuta Long-Toed Stint
16%
New World Warbler Setophaga magnolia Magnolia Warbler
16%
Old World Warbler Acrocephalus palustris Marsh Warbler
16%
Old World Warbler Hippolais polyglotta Melodious Warbler
16%
Old World Warbler Curruca subalpina Moltoni's Warbler
16%
Redstart Phoenicurus moussieri Moussier's Redstart
16%
Thrush Turdus naumanni Naumann's Thrush
16%
Pratincole Glareola maldivarum Oriental Pratincole
16%
Stint Calidris ruficollis Red-Necked Stint
16%
Old World Warbler Locustella fluviatilis River Warbler
16%
Grosbeak Pheucticus ludovicianus Rose-Breasted Grosbeak
16%
Tern Thalasseus maximus Royal Tern
16%
Old World Warbler Curruca ruppeli Rüppell's Warbler
16%
Bunting Emberiza rustica Rustic Bunting
16%
Tanager Piranga olivacea Scarlet Tanager
16%
Lark Calandrella brachydactyla Short-Toed Lark
16%
Accentor Prunella montanella Siberian Accentor
16%
Robin Larvivora cyane Siberian Blue Robin
16%
Thrush Geokichla sibirica Siberian Thrush
16%
Lapwing Vanellus gregarius Sociable Lapwing
16%
Sandpiper Tringa solitaria Solitary Sandpiper
16%
Tern Onychoprion fuscatus Sooty Tern
16%
Heron Ardeola ralloides Squacco Heron
16%
Sandpiper Calidris himantopus Stilt Sandpiper
16%
Owl Aegolius funereus Tengmalm's Owl
16%
Shrike Lanius phoenicuroides Turkestan Shrike
16%
Old World Warbler Phylloscopus plumbeitarsus Two-Barred Greenish Warbler
16%
Sandpiper Bartramia longicauda Upland Sandpiper
16%
Wheatear Oenanthe hispanica Western Black-Eared Wheatear
16%
Old World Warbler Phylloscopus bonelli Western Bonelli's Warbler
16%
Sandpiper Calidris mauri Western Sandpiper
16%
Tern Chlidonias hybrida Whiskered Tern
16%
Swift Apus caffer White-Rumped Swift
16%
Thrush Zoothera aurea White's Thrush
16%
Lapwing Vanellus leucurus White-Tailed Lapwing
16%
Lark Alauda leucoptera White-Winged Lark
16%
New World Warbler Setophaga aestiva Yellow Warbler
16%
Petrel Pterodroma madeira Zino's Petrel
16%
Old World Warbler Cisticola juncidis Zitting Cisticola
16%
Flycatcher Empidonax alnorum Alder Flycatcher
11%
Pipit Anthus rubescens American Pipit
11%
Redstart Setophaga ruticilla American Redstart
11%
Albatross Thalassarche chlororhynchos Atlantic Yellow-Nosed Albatross
11%
Lark Melanocorypha bimaculata Bimaculated Lark
11%
New World Warbler Mniotilta varia Black-and-White Warbler
11%
New World Warbler Setophaga fusca Blackburnian Warbler
11%
New World Warbler Setophaga striata Blackpoll Warbler
11%
Bee-Eater Merops persicus Blue-Cheeked Bee-Eater
11%
Pipit Anthus godlewskii Blyth's Pipit
11%
Tern Onychoprion anaethetus Bridled Tern
11%
Sandpiper Calidris falcinellus Broad-Billed Sandpiper
11%
Sandpiper Calidris subruficollis Buff-Breasted Sandpiper
11%
Heron Ardeola bacchus Chinese Pond Heron
11%
Finch Carpodacus erythrinus Common Rosefinch
11%
Thrush Turdus eunomus Dusky Thrush
11%
Old World Warbler Phylloscopus fuscatus Dusky Warbler
11%
Old World Warbler Phylloscopus coronatus Eastern Crowned Warbler
11%
Old World Warbler Curruca crassirostris Eastern Orphean Warbler
11%
New World Sparrow Pipilo erythrophthalmus Eastern Towhee
11%
Grosbeak Hesperiphona vespertina Evening Grosbeak
11%
New World Warbler Vermivora chrysoptera Golden-Winged Warbler
11%
Old World Warbler Locustella lanceolata Lanceolated Warbler
11%
Shrike Lanius schach Long-Tailed Shrike
11%
Sandpiper Tringa stagnatilis Marsh Sandpiper
11%
New World Warbler Setophaga americana Northern Parula
11%
Old World Warbler Hippolais olivetorum Olive-Tree Warbler
11%
Old World Warbler Acrocephalus agricola Paddyfield Warbler
11%
Vireo Vireo philadelphicus Philadelphia Vireo
11%
Wheatear Oenanthe pleschanka Pied Wheatear
11%
Bunting Emberiza leucocephalos Pine Bunting
11%
Bunting Emberiza bruniceps Red-Headed Bunting
11%
Pipit Anthus cervinus Red-Throated Pipit
11%
Thrush Turdus ruficollis Red-Throated Thrush
11%
Old World Sparrow Petronia petronia Rock Sparrow
11%
Robin Cercotrichas galactotes Rufous-Tailed Scrub Robin
11%
Old World Warbler Locustella luscinioides Savi's Warbler
11%
Sand Plover Anarhynchus mongolus Siberian Sand Plover
11%
Gull Larus schistisagus Slaty-Backed Gull
11%
Sandpiper Actitis macularius Spotted Sandpiper
11%
Tanager Piranga rubra Summer Tanager
11%
Thrush Catharus ustulatus Swainson's Thrush
11%
New World Warbler Leiothlypis peregrina Tennessee Warbler
11%
Sand Plover Anarhynchus atrifrons Tibetan Sand Plover
11%
Thrush Ixoreus naevius Varied Thrush
11%
Thrush Catharus fuscescens Veery
11%
Old World Warbler Curruca hortensis Western Orphean Warbler
11%
Sandpiper Calidris fuscicollis White-Rumped Sandpiper
11%
Woodpecker Sphyrapicus varius Yellow-Bellied Sapsucker
11%
Bunting Emberiza aureola Yellow-Breasted Bunting
11%
Flycatcher Muscicapa dauurica Asian Brown Flycatcher
5%
Old World Warbler Curruca nana Asian Desert Warbler
5%
Petrel Pterodroma hasitata Black-Capped Petrel
5%
Bunting Emberiza spodocephala Black-Faced Bunting
5%
Old World Warbler Iduna caligata Booted Warbler
5%
Plover Anarhynchus asiaticus Caspian Plover
5%
Bunting Emberiza rutila Chestnut Bunting
5%
New World Warbler Setophaga pensylvanica Chestnut-Sided Warbler
5%
New World Warbler Geothlypis trichas Common Yellowthroat
5%
Bunting Emberiza caesia Cretzschmar's Bunting
5%
Old World Warbler Iduna pallida Eastern Olivaceous Warbler
5%
Curlew Numenius borealis Eskimo Curlew (†)
5%
Thrush Turdus obscurus Eyebrowed Thrush
5%
Thrush Catharus minimus Grey-Cheeked Thrush
5%
Thrush Catharus guttatus Hermit Thrush
5%
Sandpiper Calidris minutilla Least Sandpiper
5%
Old World Warbler Curruca sarda Marmora's Warbler
5%
Shrike Lanius nubicus Masked Shrike
5%
New World Warbler Seiurus aurocapilla Ovenbird
5%
Pipit Anthus gustavi Pechora Pipit
5%
Sandpiper Calidris melanotos Pectoral Sandpiper
5%
Old World Warbler Phylloscopus schwarzi Radde's Warbler
5%
Robin Larvivora sibilans Rufous-Tailed Robin
5%
New World Sparrow Passerculus sandwichensis Savannah Sparrow
5%
Sandpiper Calidris acuminata Sharp-Tailed Sandpiper
5%
Petrel Pterodroma mollis Soft-Plumaged Petrel
5%
Old World Warbler Curruca conspicillata Spectacled Warbler
5%
Eagle Clanga clanga Spotted Eagle
5%
Old World Warbler Iduna rama Sykes's Warbler
5%
Flycatcher Ficedula albicilla Taiga Flycatcher
5%
Old World Warbler Arundinax aedon Thick-Billed Warbler
5%
Old World Warbler Iduna opaca Western Olivaceous Warbler
5%
Petrel Procellaria aequinoctialis White-Chinned Petrel
5%
Wheatear Oenanthe leucopyga White-Crowned Black Wheatear
5%
New World Sparrow Zonotrichia leucophrys White-Crowned Sparrow
5%
Storm-Petrel Pelagodroma marina White-Faced Storm-petrel
5%
Robin Irania gutturalis White-Throated Robin
5%
New World Sparrow Zonotrichia albicollis White-Throated Sparrow
5%
New World Warbler Cardellina pusilla Wilson's Warbler
5%
Thrush Hylocichla mustelina Wood Thrush
5%
Bunting Emberiza chrysophrys Yellow-Browed Bunting
5%
New World Warbler Setophaga coronata Yellow-Rumped Warbler
5%
Vireo Vireo flavifrons Yellow-Throated Vireo
5%
Flycatcher Empidonax virescens Acadian Flycatcher
0%
New World Warbler Setophaga tigrina Cape May Warbler
0%
Bunting Emberiza fucata Chestnut-Eared Bunting
0%
Wading Bird - Other Tringa brevipes Grey-Tailed Tattler
0%
New World Warbler Setophaga citrina Hooded Warbler
0%
New World Sparrow Chondestes grammacus Lark Sparrow
0%
Bunting Emberiza cia Rock Bunting
0%
Old World Warbler Phylloscopus griseolus Sulphur-Bellied Warbler
0%
Storm-Petrel Hydrobates monorhis Swinhoe's Storm-Petrel
0%
Finch Bucanetes githagineus Trumpeter Finch
0%
Flycatcher Empidonax flaviventris Yellow-Bellied Flycatcher
0%
No matching quizzes found
Score Distribution
Percent of People with Each Score
Percentile by Number Answered
Your Score History
You have not taken this quiz